Medicinal chemistry (Record no. 360908)

MARC details
000 -LEADER
fixed length control field 00503 a2200193 4500
005 - DATE & TIME
control field 20250204151650.0
008 - FIXED-LENGTH DATA ELEMENTS--GENERAL INFORMATION
fixed length control field 250204b |||||||| |||| 00| 0 eng d
020 ## - ISBN
International Standard Book Number 9788196147044
Price Rs. 595.00
040 ## - CATALOGING SOURCE
Original cataloging agency VIVEKANANDA LIBRARY
082 ## - DDC NUMBER
Classification number 615.19
Book Number N124M(3)
100 ## - MAIN ENTRY--PERSONAL NAME
Personal name Nadendla, Rama Rao
245 ## - TITLE STATEMENT
Title Medicinal chemistry
260 ## - PUBLICATION, DISTRIBUTION, ETC. (IMPRINT)
Name of publisher, distributor, etc PharmaMed Press
Date of publication, distribution, etc 2025
Place of publication, distribution, etc Hyderabad
300 ## - PHYSICAL DESCRIPTION
Pages xii, 412
650 ## - Subject
Subject Pharmaceutical Science
650 ## - Subject
Subject Medicinal Chemistry
650 ## - Subject
Subject Drug Design
942 ## - ADDED ENTRY ELEMENTS (KOHA)
Koha item type Books
Holdings
Withdrawn status Lost status Source of classification or shelving scheme Damaged status Not for loan Location (home branch) Sublocation or collection (holding branch) Shelving location Date acquired Koha issues (times borrowed) Koha full call number Accession No. Koha date last seen Koha item type
    Dewey Decimal Classification     VIVEKANANDA LIBRARY VIVEKANANDA LIBRARY Vivekananda Library 22/01/2025   615.19 N124M(3) 441786 22/01/2025 Books
© Designed and Maintained by Vivekananda Library, MDU Rohtak